000
00236 a2200097 4500
001
51798
100
_a
Fay J
245
_a
Helicopter History Piloting and How it Flies
260
_a
London
_b
David & Charles
_c
090
_c
32738
_d
32738
942
_a
NUST-CAE
_c
M
_c
25267
999
_c
286871
_d
286871